| 000 | 00415nam a2200157Ia 4500 | ||
|---|---|---|---|
| 003 | LK-CoDNM | ||
| 008 | 010623t1974 xxu||||| |||| 00| 1 eng d | ||
| 040 |
_aLK-CoDNM _dLK-CoDNM _eLK-CoDNM |
||
| 041 | _aeng | ||
| 080 |
_a33 _bCON |
||
| 100 | _aConnell,John Others | ||
| 245 | _aInstitute Of Development Studies | ||
| 260 |
_b Institute Of Development Studies _aEngland _c1974 |
||
| 300 | _b30 cm cm | ||
| 942 | _cBK | ||
| 999 |
_c109278 _d109278 |
||